01038 2200277 4500001002100000005001500021035002000036007000300056008004100059020002100100082000800121084001400129100002600143245005400169250001100223260005200234300002700286650002300313520026800336990002600604990002600630990002600656990002600682990002600708990002600734INLIS00000000001027320221026083056 a0010-0122000007ta221026 g 0 ind  a978-602-392-0129 a340 a340 MAR t0 aMaria Farida Indrarti1 aTeori perundang-undangan /cMaria Farida Indrarti aCet. 3 aTangerang Selatan :bUniversitas Terbuka,c2017 axi, 9.36 hlm. ;c20 cm 4aPerundang-undangan aBuku ini memberikan pemahaman tentang judicial review, yang tak dapat dilepaskan dari pembicaraan tentang hukum perundang-undangan atau peraturan perundang-undangan sebab judicial review itu bekerja atas dasar peraturan perundang-undangan yang tersusun hierarkis. a26564/MKRI-P/XII-2021 a26563/MKRI-P/XII-2021 a26563/MKRI-P/XII-2021 a26564/MKRI-P/XII-2021 a26564/MKRI-P/XII-2021 a26563/MKRI-P/XII-2021